000 00558nam a2200181 i 4500
001 159196
003 ES-MaACL
005 20240516063101.0
008 040908s1896 fr |||| | fre d
040 _aCAM
_bspa
_cCAM
100 1 _aMaupassant, Guy de,
_d1850-1893
_979214
245 1 3 _aLa petite roque /
_cGuy de Maupassant.
250 _aNouvelle éd. revue.
260 _aParis :
_bPaul Ollendorff,
_c1896 (
_fE. Kapp)
300 _a324 p. ;
_c19 cm.
852 _aES-MaACL
_jB-3225
_z-- Enc. pasta española
999 _c159196
_d159196